| 000 | 01144nam0a2200325 i 4500 | ||
|---|---|---|---|
| 001 | RU\NLR\BIBL_A\011168161 | ||
| 005 | 20240921142643.0 | ||
| 010 |
_a9785431402104 _91000 |
||
| 021 |
_aRU _b2016-48366 _93110 |
||
| 035 | _a(NILC)RuMoRGB-008518658 | ||
| 035 | _a(NLR Aleph) 011168161 | ||
| 090 |
_a11752541 _c11752541 |
||
| 100 | _a20160630d2015 km y0rusy50 ca | ||
| 101 | 0 | _arus | |
| 102 | _aRU | ||
| 105 | _ac|||z|||000ay | ||
| 200 | 1 |
_aАбрисы _eповесть _fЛула Куни _gСоюз писателей Чеченской Республики |
|
| 210 |
_aГрозный _cГрозненский рабочий _d2015 |
||
| 215 |
_a127 с. _cпортр. _d20 см |
||
| 300 | _aВ вып. дан. авт.: Жумалаева Лула Изнауровна | ||
| 675 | _a821.35 | ||
| 686 | 2 | _aШ6(2=Че)7-4 | |
| 700 | 1 |
_aЖумалаева _bЛ. И. _f1960- _gЛула Изнауровна _9162348 _3RU\NLR\AUTH\770162392 |
|
| 801 | 0 |
_aRU _bРГБ _c20160615 _gRCR |
|
| 801 | 2 |
_aRU _bРГБ _c20160622 _grcr |
|
| 942 | _cBOOK | ||
| 980 | _aNBR | ||